| 000 | 00942cam a2200277 a 4500 | ||
|---|---|---|---|
| 001 | 29447 | ||
| 005 | 20230410101821.0 | ||
| 008 | 850829s1985 pr b 000 0cspa | ||
| 035 | _9(DLC) 85081454 | ||
| 035 | _a1445065 | ||
| 010 | _a85081454 | ||
| 020 | _a0940238225 (pbk.) | ||
| 040 |
_aDLC _cDLC _dDLC |
||
| 043 | _anwpr--- | ||
| 050 | 1 | 4 |
_a117 HD 1471 _bP438c 1985 |
| 100 | 1 | _aPérez Vega, Ivette. | |
| 245 | 1 | 3 |
_aEl cielo y la tierra en sus manos : _blos grandes propietarios de Ponce, 1816-1830 / _cIvette Pérez Vega. |
| 250 | _a1a ed. | ||
| 260 |
_aRío Piedras, P.R. : _bEdiciones Huracán, _c1985. |
||
| 300 |
_a123 p. ; _c18 cm. |
||
| 504 | _aBibliography: p. 117-123. | ||
| 650 | 0 |
_aPlantations _zPuerto Rico _zPonce Region _xHistory _y19th century. |
|
| 650 | 0 |
_aSugar trade _zPuerto Rico _zPonce Region _xHistory _y19th century. |
|
| 650 | 0 |
_aPlantation owners _zPuerto Rico _zPonce Region _xBiography. |
|
| 942 |
_2lcc _cbk |
||
| 999 |
_c14580 _d14580 |
||